Didáctica de la ciencia integrada / (Registro nro. 3620)

Detalles MARC
000 -LEADER
fixed length control field 01190nam a2200253Ia 4500
003 - CONTROL NUMBER IDENTIFIER
control field OSt
005 - DATE AND TIME OF LATEST TRANSACTION
control field 20200826152856.0
008 - FIXED-LENGTH DATA ELEMENTS--GENERAL INFORMATION
fixed length control field 191128s1996 ck ao gr 000 0 spa d
020 ## - INTERNATIONAL STANDARD BOOK NUMBER
International Standard Book Number 9586311147
040 ## - CATALOGING SOURCE
Original cataloging agency Co-JMCR
Transcribing agency Co-JMCR
041 0# - LANGUAGE CODE
Language code of text/sound track or separate title spa
082 04 - DEWEY DECIMAL CLASSIFICATION NUMBER
Classification number 370.15 /
Item number B142d
Edition number 23
100 1# - MAIN ENTRY--PERSONAL NAME
Personal name Báez, Dora Inés,
Relator term autora
9 (RLIN) 9294
245 10 - TITLE STATEMENT
Title Didáctica de la ciencia integrada /
Statement of responsibility, etc. Dora Ines Baez
260 ## - PUBLICATION, DISTRIBUTION, ETC.
Place of publication, distribution, etc. Bogotá :
Name of publisher, distributor, etc. Universidad Santo Tomás - Usta,
Date of publication, distribution, etc. 1996.
300 ## - PHYSICAL DESCRIPTION
Extent 429 páginas :
Other physical details fotográfias a blanco y negro ;
Dimensions 22 cm.
505 0# - FORMATTED CONTENTS NOTE
Formatted contents note El niño y el mundo -- Causa y efecto de fenómenos naturales -- Formación de aptitudes fundamentales en el niño -- La ciencia integrada para el niño
520 ## - SUMMARY, ETC.
Summary, etc. El conocimiento del mundo que nos rodea desde el punto de vista del niño colombiano contituye el punto principal de análisis del presente texto. Para llegar a esta gran meta es necesario revisar de antemano los factores que inciden en la actividad infanti
650 24 - SUBJECT ADDED ENTRY--TOPICAL TERM
Topical term or geographic name entry element Psicología del Aprendizaje
9 (RLIN) 9295
650 24 - SUBJECT ADDED ENTRY--TOPICAL TERM
Topical term or geographic name entry element Desarrollo Infantil
Geographic subdivision Colombia
9 (RLIN) 9296
650 24 - SUBJECT ADDED ENTRY--TOPICAL TERM
Topical term or geographic name entry element Psicología Infantil
9 (RLIN) 2491
650 24 - SUBJECT ADDED ENTRY--TOPICAL TERM
Topical term or geographic name entry element Educación
General subdivision Preescolar
9 (RLIN) 9297
942 ## - ADDED ENTRY ELEMENTS (KOHA)
Source of classification or shelving scheme Dewey Decimal Classification
Koha item type Books
Existencias
Withdrawn status Lost status Source of classification or shelving scheme Materials specified (bound volume or other part) Damaged status Not for loan Home library Current library Shelving location Date acquired Source of acquisition Full call number Barcode Date last seen Copy number Price effective from Koha item type
    Dewey Decimal Classification Donación--16/07/2018--     Biblioteca Pública José María del Castillo y Rada Biblioteca Pública José María del Castillo y Rada General Stacks 11/28/2019 Donación 370.15 / B142d 201807492 05/16/2024 Ej.1 11/28/2019 Books